| 000 | 00674cab a2200241 4500 | ||
|---|---|---|---|
| 001 | WB3116-125 | ||
| 008 | 090401t1995 xxu||||| |||| 00| 0 eng d | ||
| 035 | _a(Sirsi) u11337 | ||
| 041 | _aeng | ||
| 245 | _aEuropean money | ||
| 260 | _c1995 | ||
| 350 | _a0 | ||
| 490 |
_aWestern Morning News _v12 April 1995, 4-5(2) |
||
| 520 | _aDiscusses how to receive a share of the European Objective 5b funds available to agriculture taking the South West as an example. | ||
| 650 | _aEC | ||
| 650 | _aOBJECTIVE 5B | ||
| 650 | _aSET-ASIDE | ||
| 650 | _aSOUTH-WEST ENGLAND | ||
| 650 | _aSTRUCTURAL FUNDS | ||
| 690 | _aRURAL PRACTICE | ||
| 942 | _n0 | ||
| 948 | _c04/03/1997 | ||
| 999 |
_c7217 _d7217 |
||